A TEXT BOOK OF ZOOLOGY (Record no. 27729)
[ view plain ]
| 000 -LEADER | |
|---|---|
| fixed length control field | 00859cam a2200253ua 4500 |
| 001 - CONTROL NUMBER | |
| control field | 24481 |
| 008 - FIXED-LENGTH DATA ELEMENTS--GENERAL INFORMATION | |
| fixed length control field | 190621n II |||gr||||Z||||||eng |
| 082 ## - DEWEY DECIMAL CLASSIFICATION NUMBER | |
| Classification number | 590 |
| 245 ## - TITLE STATEMENT | |
| Title | A TEXT BOOK OF ZOOLOGY |
| Medium | Textual Documents |
| 250 ## - EDITION STATEMENT | |
| Edition statement | REP. |
| 260 ## - PUBLICATION, DISTRIBUTION, ETC. | |
| Place of publication, distribution, etc. | NEW DELHI |
| Name of publisher, distributor, etc. | NCBA (NEW CENTRAL BOOK AGENCY) |
| Date of publication, distribution, etc. | 2017. |
| 300 ## - PHYSICAL DESCRIPTION | |
| Extent | 360: |
| Dimensions | 20CM. |
| 500 ## - GENERAL NOTE | |
| General note | RUSA |
| 653 ## - INDEX TERM--UNCONTROLLED | |
| Uncontrolled term | Animals (Zoology) |
| 700 ## - ADDED ENTRY--PERSONAL NAME | |
| Personal name | GHOSE, DR. K.C., |
| Relator term | AUTHOR. |
| 700 ## - ADDED ENTRY--PERSONAL NAME | |
| Personal name | MANNA, DR.B., |
| Relator term | AUTHOR. |
No items available.